Tables of the incomplete r-function / (Record no. 34884)
[ view plain ]
| 000 -LEADER | |
|---|---|
| fixed length control field | 00950nam a2200241 a 4500 |
| 001 - CONTROL NUMBER | |
| control field | 34884 |
| 003 - CONTROL NUMBER IDENTIFIER | |
| rucl marc code | BD-RjUL |
| 005 - DATE AND TIME OF LATEST TRANSACTION | |
| control field | 20211209052227.0 |
| 008 - FIXED-LENGTH DATA ELEMENTS--GENERAL INFORMATION | |
| fixed length control field | 140519r19651922enk eng d |
| 035 ## - SYSTEM CONTROL NUMBER | |
| System control number | (BD-RjUL)34978 |
| System control number | 2526548 |
| 040 ## - CATALOGING SOURCE | |
| Original cataloging agency | TU |
| Language of cataloging | eng |
| Transcribing agency | TU |
| Modifying agency | ABN-SNR |
| 041 ## - LANGUAGE CODE | |
| Language code of text/sound track or separate title | eng |
| 082 ## - DEWEY DECIMAL CLASSIFICATION NUMBER | |
| Classification number | 519.32 |
| Author mark and year | TAB 1965 |
| 245 10 - TITLE STATEMENT | |
| Title | Tables of the incomplete r-function / |
| Statement of responsibility, etc. | computed by the staff of the Department of applied statistics, University of London, University college ; edited by Karl Pearson. |
| 260 ## - PUBLICATION, DISTRIBUTION, ETC. (IMPRINT) | |
| Place of publication, distribution, etc. | London : |
| Name of publisher, distributor, etc. | Pub. for the Department of scientific and industrial research by H. M. Stationery off, |
| Date of publication, distribution, etc. | 1922 [Reprinted 1965] |
| 300 ## - PHYSICAL DESCRIPTION | |
| Pagination | xxxi, 164 p. ; |
| Size | 29 cm. |
| 650 #0 - SUBJECT ADDED ENTRY--TOPICAL TERM | |
| Topical term or geographic name as entry element | Gamma functions. |
| 9 (RLIN) | 22845 |
| 700 ## - ADDED ENTRY--PERSONAL NAME | |
| Personal name | Pearson, Karl, |
| 710 1# - ADDED ENTRY--CORPORATE NAME | |
| Corporate name or jurisdiction name as entry element | Great Britain. |
| Subordinate unit | Department of Scientific and Industrial Research. |
| 9 (RLIN) | 29943 |
| Corporate name or jurisdiction name as entry element | University College, London. |
| Subordinate unit | Department of Statistics. |
| 9 (RLIN) | 106192 |
| 942 ## - ADDED ENTRY ELEMENTS (KOHA) | |
| Source of classification or shelving scheme | Dewey Decimal Classification |
| Koha item type | Books |
| Lost status | Source of classification or shelving scheme | Damaged status | Not for loan | Collection code | Permanent Location | Current Location | Shelving location | Date acquired | Source of acquisition | Cost, normal purchase price | Total Checkouts | Full call number | Date last seen | Copy number | Koha item type |
|---|---|---|---|---|---|---|---|---|---|---|---|---|---|---|---|
| Dewey Decimal Classification | Non-fiction | Central Library, University of Rajshahi | Central Library, University of Rajshahi | 15/10/968 | National Book | 378.00 | 519.32 TAB 1965 | 19/05/2014 | C-2 | Books | |||||
| Dewey Decimal Classification | Non-fiction | Central Library, University of Rajshahi | Central Library, University of Rajshahi | 15/10/968 | National Book | 378.00 | 519.32 TAB 1965 | 19/05/2014 | C-3 | Books | |||||
| Dewey Decimal Classification | Non-fiction | Central Library, University of Rajshahi | Central Library, University of Rajshahi | 15/10/968 | National Book | 378.00 | 519.32 TAB 1965 | 19/05/2014 | C-4 | Books | |||||
| Dewey Decimal Classification | Non-fiction | Central Library, University of Rajshahi | Central Library, University of Rajshahi | 15/10/968 | National Book | 378.00 | 519.32 TAB 1965 | 19/05/2014 | C-5 | Books | |||||
| Dewey Decimal Classification | Non-fiction | Central Library, University of Rajshahi | Central Library, University of Rajshahi | 15/10/968 | National Book | 378.00 | 519.32 TAB 1965 | 19/05/2014 | C-6 | Books | |||||
| Dewey Decimal Classification | Non-fiction | Central Library, University of Rajshahi | Central Library, University of Rajshahi | 15/10/968 | National Book | 378.00 | 519.32 TAB 1965 | 19/05/2014 | C-7 | Books | |||||
| Dewey Decimal Classification | Not For Loan | Non-fiction | Central Library, University of Rajshahi | Central Library, University of Rajshahi | Reading Room | 15/10/968 | National Book | 378.00 | 519.32 TAB 1965 | 19/05/2014 | C-1 | Books |